书目信息 |
| 题名: |
大学现代日语
|
|
| 作者: | 刘旭宝 , 程放明 主编 | |
| 分册: | 上册 | |
| 出版信息: | 上海 上海交通大学出版社 2010.05 |
|
| 页数: | 260页 | |
| 开本: | 23cm | |
| 丛书名: | ||
| 单 册: | ||
| 中图分类: | H36 | |
| 科图分类: | ||
| 主题词: | 日语--ri yu--高等学校--教材 | |
| 电子资源: | ||
| ISBN: | 978-7-313-06298-7 | |
| 000 | 00927nam0 2200265 450 | |
| 001 | 012010026482 | |
| 005 | 20101107083817.17 | |
| 010 | @a978-7-313-06298-7@dCNY38.50 (含光盘) | |
| 016 | @aCN-R05-10-0016-0@b光盘 | |
| 100 | @a20101107d2010 em y0chiy0120 ea | |
| 101 | 0 | @achi@ajpn |
| 102 | @aCN@b310000 | |
| 105 | @aak z 001yy | |
| 106 | @ar | |
| 200 | 1 | @a大学现代日语@Ada xue xian dai ri yu@h上册@f刘旭宝, 程放明主编@Fzhu bian liu xu bao,cheng fang ming |
| 210 | @a上海@c上海交通大学出版社@d2010.05 | |
| 215 | @a260页@c图@d23cm@e光盘1片 | |
| 320 | @a有索引 | |
| 330 | @a本套教材是以零起点的初学者为对象的日语精读教材,分为上下两册和教学指导书。上册囊括了基础语法知识,目的在于打好学习者的基础。 | |
| 606 | 0 | @a日语@Ari yu@x高等学校@j教材 |
| 690 | @aH36@v4 | |
| 701 | 0 | @a刘旭宝@Aliu xu bao@4主编 |
| 701 | 0 | @a程放明@Acheng fang ming@4主编 |
| 801 | 0 | @aCN@bQSSK@c20101107 |
| 905 | @b788209-11@dH36@eL690:1@f3 | |
| 大学现代日语.上册/刘旭宝, 程放明主编.-上海:上海交通大学出版社,2010.05 |
| 260页:图;23cm+光盘1片 |
| ISBN 978-7-313-06298-7:CNY38.50 (含光盘) |
| 本套教材是以零起点的初学者为对象的日语精读教材,分为上下两册和教学指导书。上册囊括了基础语法知识,目的在于打好学习者的基础。 |
| ● |
| 相关链接 |
|
|
|
正题名:大学现代日语
索取号:H36/L690:1
 
预约/预借
| 序号 | 登录号 | 条形码 | 馆藏地/架位号 | 状态 | 备注 |
| 1 | 788209 | 207882095 | 自科二线504/504自科库 45排2列4层/ [索取号:H36/L690:1] | 在馆 | |
| 2 | 788210 | 207882102 | 语言库209/209语言库 124排1列3层/ [索取号:H36/L690:1] | 在馆 | |
| 3 | 788211 | 207882111 | 语言库209/209语言库 124排1列3层/ [索取号:H36/L690:1] | 在馆 |